| 000 | 00845nam a2200205 i 4500 | ||
|---|---|---|---|
| 001 | 114422 | ||
| 003 | ES-MaACL | ||
| 005 | 20250831110903.0 | ||
| 007 | t| | ||
| 008 | 170914q17291750sp ||||1| spa d | ||
| 245 | 0 | 0 | _aEstilos, costumbres y ceremonias sagradas de la Santa Iglesia Magistral Complutense de San Justo y Pastor. |
| 260 |
_a[Alcalá de Henares] : _b[s.n., _cs.a.] |
||
| 300 |
_a[2], 67 p. ; _c20 cm. |
||
| 596 | _aEn la última p. aparece la fecha de 1729 en la nota: " hacerse esta reimpresion por acuerdo de varios Cabildos, que el último fue de 11 de Junio de 1729" | ||
| 597 | _aSign.: A-H4, I1. | ||
| 599 | _aPort. grab. calc.: "I. de Courbes" | ||
| 610 | 2 | 7 |
_aCatedral-Magistral de los Santos Justo y Pastor _2 _9163611 |
| 852 |
_aES-MaACL _jT-1356-F-5 _q. - Encuadernado con otras obras |
||
| 999 |
_c114422 _d114422 |
||